Euro 2020: Liste 26 - Angleterre - Statistiques

Statistiques générales
  • Ce quiz a été pris 397 fois
  • Le résultat moyen est 19 sur 27
Statistiques - réponses
Poste Club Joueur % Correct
A Tottenham Hotspur Harry Kane
95%
G Everton FC Jordan Pickford
92%
A Arsenal FC Bukayo Saka
89%
A Manchester United Marcus Rashford
88%
A Manchester City Raheem Sterling
88%
D Manchester United Harry Maguire
86%
A Borussia Dortmund Jadon Sancho
86%
G Manchester United Dean Henderson
85%
M Liverpool FC Jordan Henderson
85%
D Manchester City Kyle Walker
84%
D Liverpool FC Trent Alexander-Arnold
84%
M Borussia Dortmund Jude Bellingham
82%
D Manchester City John Stones
81%
M Manchester City Phil Foden
75%
D Manchester United Luke Shaw
72%
M Aston Villa Jack Grealish
71%
D Chelsea FC Reece James
71%
M West Ham Declan Rice
68%
M Chelsea FC Mason Mount
67%
M Leeds United Kalvin Phillips
65%
A Everton FC Dominic Calvert-Lewin
56%
S / Gareth Southgate
56%
D Chelsea FC Ben Chilwell
54%
D Tottenham Hotspur Kieran Trippier
45%
D Wolverhampton Connor Coady
44%
D Aston Villa Tyrone Mings
42%
G West Bromwich Albion Sam Johnstone
17%
Aucun quiz correspondant
Distribution des résultats
% des personnes avec chaque résultat
Percentile par nombre de réponses
Votre historique - résultats
Vous n’avez pas pris ce quiz